8 mots dans mots : mie (mort subite) - Statistiques

Statistiques générales
  • Ce quiz a été pris 16 fois
  • Le résultat moyen est 5 sur 8
Answers on the Grid
Answers color-coded by a green-red scale on the quiz's grid according to % correct below.
pal---r - dattier
précolom---nne
bien---llamment
em---ller
com---ntième
vitesse-lu---re
micro---nne
gentilhom---re
rom---re
ramasse - ---ttes
cane---re
avant-pre---re
amphi---s
pre---re-née
zom---s
sud-vietna---nne
 
Statistiques - réponses
Réponse % Correct
pal---r - dattier
100%
ramasse - ---ttes
80%
avant-pre---re
67%
sud-vietna---nne
67%
vitesse-lu---re
67%
pre---re-née
53%
em---ller
33%
gentilhom---re
27%
Aucun quiz correspondant
Distribution des résultats
% des personnes avec chaque résultat
Percentile par nombre de réponses
Votre historique - résultats
Vous n’avez pas pris ce quiz